| 000 | 00568nam a2200169 i 4500 | ||
|---|---|---|---|
| 001 | 114856 | ||
| 003 | ES-MaACL | ||
| 005 | 20230906190252.0 | ||
| 007 | t| | ||
| 008 | 070404s1912 sp ||||1| spa d | ||
| 245 | 0 | 0 | _aExposición de Arte Histórico celebrada por la Real Academia de Bellas Artes de la provincia de Granada en junio de 1912. |
| 260 |
_aBarcelona : _b[s.n., _c1912?] |
||
| 300 |
_a40 p. : _bil. ; _c31 cm. |
||
| 500 | _aEn la port.: Edición "Museum" | ||
| 710 | 2 |
_aReal Academia de Bellas Artes de Granada. _96288 |
|
| 852 |
_aES-MaACL _jT-1323-F-8 |
||
| 999 |
_c114856 _d114856 |
||